[Event "European Individual Chess Championship 2017"]
[Site "Minsk"]
[Date "2017.06.07"]
[Round "8.17"]
[White "Onischuk, Vladimir"]
[Black "Motylev, Alexander"]
[Result "0-1"]
[BlackElo "2665"]
[WhiteElo "2608"]
[LiveChessVersion "1.4.8"]

1. e4 {[%clk 1:30:57]} e5 {[%clk 1:30:42]} 2. Bc4 {[%clk 1:30:50]} Nf6
{[%clk 1:31:01]} 3. d3 {[%clk 1:31:12]} c6 {[%clk 1:30:57]} 4. Nf3
{[%clk 1:31:25]} d5 {[%clk 1:31:10]} 5. Bb3 {[%clk 1:31:44]} a5 {[%clk 1:31:19]}
6. a4 {[%clk 1:31:33]} Bb4+ {[%clk 1:31:27]} 7. c3 {[%clk 1:31:24]} Bd6
{[%clk 1:31:40]} 8. exd5 {[%clk 1:31:00]} cxd5 {[%clk 1:30:51]} 9. Na3
{[%clk 1:31:20]} Nc6 {[%clk 1:30:54]} 10. Nb5 {[%clk 1:31:46]} Bb8
{[%clk 1:31:03]} 11. Bg5 {[%clk 1:28:31]} Be6 {[%clk 1:27:20]} 12. O-O
{[%clk 1:28:04]} h6 {[%clk 1:24:34]} 13. Bh4 {[%clk 1:28:05]} O-O
{[%clk 1:18:39]} 14. Re1 {[%clk 1:25:07]} g5 {[%clk 0:56:53]} 15. Bg3
{[%clk 1:24:09]} Bg4 {[%clk 0:55:07]} 16. Qd2 {[%clk 1:20:13]} Bxf3
{[%clk 0:53:50]} 17. gxf3 {[%clk 1:20:41]} Qd7 {[%clk 0:51:27]} 18. Kg2
{[%clk 1:11:43]} Qf5 {[%clk 0:43:41]} 19. h4 {[%clk 1:02:15]} Ne7
{[%clk 0:34:08]} 20. hxg5 {[%clk 0:59:15]} hxg5 {[%clk 0:34:33]} 21. Rh1
{[%clk 0:36:56]} Ng6 {[%clk 0:34:36]} 22. Rae1 {[%clk 0:31:05]} Rd8
{[%clk 0:28:08]} 23. c4 {[%clk 0:25:01]} d4 {[%clk 0:11:47]} 24. c5
{[%clk 0:25:13]} Ra6 {[%clk 0:11:17]} 25. Bc4 {[%clk 0:12:33]} Nd5
{[%clk 0:10:58]} 26. Bxd5 {[%clk 0:12:22]} Rxd5 {[%clk 0:11:23]} 27. Rh5
{[%clk 0:10:06]} Rf6 {[%clk 0:11:22]} 28. Qe2 {[%clk 0:07:58]} Rxc5
{[%clk 0:08:42]} 29. Reh1 {[%clk 0:08:18]} Rc8 {[%clk 0:08:06]} 30. Na3
{[%clk 0:04:48]} Rc5 {[%clk 0:07:02]} 31. Nc4 {[%clk 0:04:18]} Bc7
{[%clk 0:05:57]} 32. b3 {[%clk 0:04:16]} Kg7 {[%clk 0:05:40]} 33. R1h3
{[%clk 0:01:10]} Bd6 {[%clk 0:02:10]} 34. Rh2 {[%clk 0:01:00]} Bc7
{[%clk 0:01:29]} 35. Rh1 {[%clk 0:01:26]} Bd6 {[%clk 0:01:46]} 36. Rh7+
{[%clk 0:00:54]} Kf8 {[%clk 0:01:19]} 37. R7h5 {[%clk 0:01:21]} Kg7
{[%clk 0:01:36]} 38. Qd1 {[%clk 0:00:44]} Bc7 {[%clk 0:01:10]} 39. Rh7+
{[%clk 0:00:56]} Kf8 {[%clk 0:01:27]} 40. R7h3 {[%clk 0:30:12]} Rcc6
{[%clk 0:30:23]} 41. Rh5 {[%clk 0:24:21]} Ke7 {[%clk 0:18:09]} 42. Qe2
{[%clk 0:21:38]} Ke6 {[%clk 0:16:57]} 43. Re1 {[%clk 0:09:18]} Rc5
{[%clk 0:14:50]} 44. Qd1 {[%clk 0:08:51]} Kd7 {[%clk 0:09:20]} 45. Re4
{[%clk 0:03:31]} Ne7 {[%clk 0:04:55]} 46. Rg4 {[%clk 0:02:04]} Rg6
{[%clk 0:04:48]} 47. Qe2 {[%clk 0:00:58]} Nc6 {[%clk 0:03:43]} 48. Rh8
{[%clk 0:00:50]} Qe6 {[%clk 0:02:49]} 49. Rh7 {[%clk 0:00:42]} Kc8
{[%clk 0:01:59]} 50. Rh8+ {[%clk 0:00:39]} Kd7 {[%clk 0:01:55]} 51. Rh7
{[%clk 0:00:27]} Rg8 {[%clk 0:05:43]} 52. Nd2 {[%clk 0:02:53]} Rc2
{[%clk 0:05:10]} 53. Rh5 {[%clk 0:02:53]} Bd8 {[%clk 0:05:03]} 54. Qd1
{[%clk 0:02:10]} Rxd2 {[%clk 0:05:01]} 55. Qxd2 {[%clk 0:02:36]} Qg6
{[%clk 0:04:58]} 56. b4 {[%clk 0:00:37]} Qxh5 {[%clk 0:02:59]} 57. b5
{[%clk 0:01:04]} f5 {[%clk 0:02:24]} 58. bxc6+ {[%clk 0:01:30]} bxc6
{[%clk 0:02:48]} 59. Rxd4+ {[%clk 0:01:13]} exd4 {[%clk 0:03:08]} 60. Qb2
{[%clk 0:01:41]} f4 {[%clk 0:02:57]} 61. Qxd4+ {[%clk 0:02:00]} Kc8
{[%clk 0:03:18]} 0-1

[Event "European Individual Chess Championship 2017"]
[Site "Minsk"]
[Date "2017.06.07"]
[Round "8.18"]
[White "Prohaszka, Peter"]
[Black "Riazantsev, Alexander"]
[Result "1/2-1/2"]
[BlackElo "2659"]
[WhiteElo "2596"]
[LiveChessVersion "1.4.8"]

1. d4 {[%clk 1:30:44]} d5 {[%clk 1:30:39]} 2. Bf4 {[%clk 1:29:01]} c5
{[%clk 1:30:07]} 3. c3 {[%clk 1:28:41]} Nc6 {[%clk 1:26:12]} 4. e3
{[%clk 1:28:19]} Bf5 {[%clk 1:25:32]} 5. Qb3 {[%clk 1:08:32]} Qd7
{[%clk 1:19:06]} 6. Nf3 {[%clk 0:58:46]} f6 {[%clk 1:19:03]} 7. Nbd2
{[%clk 0:49:25]} e6 {[%clk 1:18:06]} 8. h3 {[%clk 0:47:18]} Rc8 {[%clk 1:01:58]}
9. Bh2 {[%clk 0:45:07]} Bg6 {[%clk 0:55:13]} 10. Be2 {[%clk 0:42:46]} Nh6
{[%clk 0:54:00]} 11. O-O {[%clk 0:41:59]} Be7 {[%clk 0:43:56]} 12. c4
{[%clk 0:31:08]} Na5 {[%clk 0:20:57]} 13. Qc3 {[%clk 0:24:42]} Nxc4
{[%clk 0:17:37]} 14. Nxc4 {[%clk 0:24:58]} dxc4 {[%clk 0:12:03]} 15. Rfd1
{[%clk 0:21:26]} 1/2-1/2

[Event "European Individual Chess Championship 2017"]
[Site "Minsk"]
[Date "2017.06.07"]
[Round "8.19"]
[White "Khismatullin, Denis"]
[Black "Jojua, Davit"]
[Result "1/2-1/2"]
[BlackElo "2581"]
[WhiteElo "2651"]
[LiveChessVersion "1.4.8"]

1. d4 {[%clk 1:30:49]} d5 {[%clk 1:30:57]} 2. c4 {[%clk 1:31:14]} e6
{[%clk 1:31:22]} 3. Nc3 {[%clk 1:31:12]} Be7 {[%clk 1:31:33]} 4. cxd5
{[%clk 1:28:25]} exd5 {[%clk 1:31:58]} 5. Bf4 {[%clk 1:28:52]} c6
{[%clk 1:32:20]} 6. e3 {[%clk 1:29:18]} Bd6 {[%clk 1:32:17]} 7. Qf3
{[%clk 1:29:17]} Ne7 {[%clk 1:28:30]} 8. h4 {[%clk 1:28:18]} a5 {[%clk 0:52:58]}
9. h5 {[%clk 1:16:15]} h6 {[%clk 0:52:25]} 10. g4 {[%clk 1:03:39]} Na6
{[%clk 0:38:28]} 11. Nh3 {[%clk 0:58:30]} Nc7 {[%clk 0:38:03]} 12. g5
{[%clk 0:50:39]} Bxf4 {[%clk 0:36:28]} 13. Qxf4 {[%clk 0:48:55]} Ne6
{[%clk 0:34:47]} 14. Qg3 {[%clk 0:38:45]} hxg5 {[%clk 0:31:31]} 15. Bd3
{[%clk 0:38:21]} Qc7 {[%clk 0:15:26]} 16. Qg2 {[%clk 0:25:24]} g4
{[%clk 0:06:57]} 17. Ng1 {[%clk 0:23:01]} c5 {[%clk 0:06:47]} 18. Nge2
{[%clk 0:13:27]} cxd4 {[%clk 0:04:18]} 19. Nb5 {[%clk 0:12:49]} Qb6
{[%clk 0:03:33]} 20. Nexd4 {[%clk 0:10:14]} Nxd4 {[%clk 0:03:31]} 21. Nxd4
{[%clk 0:10:36]} Bd7 {[%clk 0:01:45]} 22. O-O-O {[%clk 0:10:37]} O-O-O
{[%clk 0:00:43]} 23. Kb1 {[%clk 0:07:36]} Kb8 {[%clk 0:00:51]} 24. f3
{[%clk 0:04:27]} f5 {[%clk 0:01:20]} 25. Be2 {[%clk 0:04:07]} Nc6
{[%clk 0:00:36]} 26. fxg4 {[%clk 0:03:10]} Nxd4 {[%clk 0:00:44]} 27. Rxd4
{[%clk 0:02:57]} Rhe8 {[%clk 0:00:45]} 28. Qg3+ {[%clk 0:01:58]} Qc7
{[%clk 0:00:47]} 29. Rg1 {[%clk 0:01:55]} fxg4 {[%clk 0:00:46]} 30. Bxg4
{[%clk 0:02:09]} Bc6 {[%clk 0:00:35]} 31. Qxc7+ {[%clk 0:02:05]} Kxc7
{[%clk 0:01:04]} 32. Bf5 {[%clk 0:02:20]} Re7 {[%clk 0:01:03]} 33. Rdg4
{[%clk 0:02:38]} Bd7 {[%clk 0:01:05]} 34. Bxd7 {[%clk 0:01:48]} Rdxd7
{[%clk 0:01:32]} 35. R1g3 {[%clk 0:01:43]} Re5 {[%clk 0:00:42]} 36. Rg5
{[%clk 0:02:01]} Kd6 {[%clk 0:00:39]} 37. Kc2 {[%clk 0:02:05]} Rxg5
{[%clk 0:00:38]} 38. Rxg5 {[%clk 0:02:29]} Re7 {[%clk 0:00:53]} 39. Kd3
{[%clk 0:01:57]} b6 {[%clk 0:00:50]} 40. Rg6+ {[%clk 0:31:15]} Kc5
{[%clk 0:30:43]} 41. Rg5 {[%clk 0:31:30]} Kd6 {[%clk 0:29:35]} 1/2-1/2

[Event "European Individual Chess Championship 2017"]
[Site "Minsk"]
[Date "2017.06.07"]
[Round "8.20"]
[White "Gelashvili, Tamaz"]
[Black "Sutovsky, Emil"]
[Result "1/2-1/2"]
[BlackElo "2646"]
[WhiteElo "2563"]
[LiveChessVersion "1.4.8"]

1. c4 {[%clk 1:30:55]} Nf6 {[%clk 1:30:27]} 2. Nc3 {[%clk 1:31:14]} d5
{[%clk 1:29:21]} 3. cxd5 {[%clk 1:26:36]} Nxd5 {[%clk 1:29:49]} 4. d4
{[%clk 1:26:33]} g6 {[%clk 1:29:42]} 5. Nf3 {[%clk 1:25:24]} Bg7 {[%clk 1:30:06]}
6. e4 {[%clk 1:19:12]} Nxc3 {[%clk 1:30:33]} 7. bxc3 {[%clk 1:19:39]} c5
{[%clk 1:30:53]} 8. Bb5+ {[%clk 1:20:01]} Nc6 {[%clk 1:30:52]} 9. O-O
{[%clk 1:19:09]} O-O {[%clk 1:30:34]} 10. Be3 {[%clk 1:19:02]} Bg4
{[%clk 1:30:56]} 11. dxc5 {[%clk 1:09:38]} Bxc3 {[%clk 1:23:08]} 12. Rc1
{[%clk 1:07:17]} Bg7 {[%clk 1:21:31]} 13. h3 {[%clk 1:02:39]} Qxd1
{[%clk 1:13:52]} 14. Rfxd1 {[%clk 1:02:45]} Be6 {[%clk 1:13:54]} 15. Ng5
{[%clk 0:50:06]} Bxa2 {[%clk 1:12:20]} 16. Rd7 {[%clk 0:38:18]} Na5
{[%clk 0:58:11]} 17. Rxe7 {[%clk 0:32:26]} Rfd8 {[%clk 0:56:21]} 18. Nf3
{[%clk 0:26:43]} Be6 {[%clk 0:44:31]} 19. Ng5 {[%clk 0:24:01]} Bb3
{[%clk 0:41:54]} 20. Nf3 {[%clk 0:24:20]} Be6 {[%clk 0:24:34]} 21. Rc7
{[%clk 0:20:57]} Rdc8 {[%clk 0:23:05]} 22. Rxc8+ {[%clk 0:20:34]} Rxc8
{[%clk 0:23:33]} 23. Ng5 {[%clk 0:16:13]} Ba2 {[%clk 0:21:56]} 24. f4
{[%clk 0:08:27]} Nb3 {[%clk 0:19:34]} 25. Rc4 {[%clk 0:08:45]} a6
{[%clk 0:15:51]} 26. c6 bxc6 {[%clk 0:14:20]} 27. Bxa6 {[%clk 0:08:05]} Ra8
{[%clk 0:13:40]} 28. Rxc6 {[%clk 0:07:14]} Nd4 {[%clk 0:08:57]} 29. Rd6
{[%clk 0:07:24]} h6 {[%clk 0:05:27]} 30. Nf3 {[%clk 0:03:11]} Nxf3+
{[%clk 0:05:53]} 31. gxf3 {[%clk 0:03:35]} Be6 {[%clk 0:05:31]} 32. Kg2
{[%clk 0:03:32]} Rb8 {[%clk 0:04:53]} 33. Kg3 {[%clk 0:02:22]} Bf8
{[%clk 0:02:57]} 34. Rc6 {[%clk 0:02:12]} Rd8 {[%clk 0:01:59]} 35. Bc4
{[%clk 0:02:01]} Bxc4 {[%clk 0:01:02]} 36. Rxc4 {[%clk 0:02:29]} Bg7
{[%clk 0:01:07]} 37. Ra4 {[%clk 0:01:44]} Rd3 {[%clk 0:01:12]} 38. Bc5
{[%clk 0:01:28]} Bc3 {[%clk 0:01:02]} 39. e5 {[%clk 0:00:44]} Be1+
{[%clk 0:01:08]} 40. Kg2 {[%clk 0:31:03]} Rd2+ {[%clk 0:30:34]} 41. Kf1
{[%clk 0:31:21]} Bg3 {[%clk 0:19:59]} 42. Be7 {[%clk 0:28:34]} g5
{[%clk 0:19:28]} 43. fxg5 {[%clk 0:28:13]} h5 {[%clk 0:13:05]} 44. Bf6
{[%clk 0:19:32]} Kh7 {[%clk 0:13:11]} 45. Re4 {[%clk 0:18:15]} h4
{[%clk 0:10:36]} 46. e6 {[%clk 0:14:12]} fxe6 {[%clk 0:11:03]} 47. Bd4
{[%clk 0:13:51]} Kg6 {[%clk 0:10:03]} 48. Rxe6+ {[%clk 0:13:54]} Kf5
{[%clk 0:09:04]} 49. Re4 {[%clk 0:10:18]} Rd1+ {[%clk 0:09:26]} 50. Ke2
{[%clk 0:10:28]} Re1+ {[%clk 0:09:52]} 51. Kd3 {[%clk 0:10:38]} Rf1
{[%clk 0:09:06]} 52. Ke2 {[%clk 0:09:27]} Re1+ {[%clk 0:09:35]} 53. Kd2
{[%clk 0:09:47]} Rh1 {[%clk 0:03:56]} 54. Rg4 {[%clk 0:08:24]} Kg6
{[%clk 0:04:03]} 55. Be3 {[%clk 0:04:06]} Rxh3 {[%clk 0:04:17]} 56. Ra4
{[%clk 0:04:26]} Rh1 {[%clk 0:03:17]} 57. Ra6+ {[%clk 0:04:47]} Kf5
{[%clk 0:03:34]} 58. g6 {[%clk 0:02:21]} Be5 {[%clk 0:04:02]} 59. Ra5
{[%clk 0:02:36]} Ke6 {[%clk 0:00:37]} 60. Kd3 {[%clk 0:01:15]} h3
{[%clk 0:00:46]} 61. Ke4 {[%clk 0:01:37]} Bc3 {[%clk 0:00:49]} 62. Ra6+
{[%clk 0:01:04]} Ke7 {[%clk 0:01:18]} 63. f4 {[%clk 0:01:15]} h2 {[%clk 0:01:34]}
64. Ra7+ {[%clk 0:01:26]} Kd6 {[%clk 0:01:08]} 65. Rh7 {[%clk 0:01:08]} Rg1
{[%clk 0:01:31]} 66. Rxh2 {[%clk 0:01:13]} Rxg6 {[%clk 0:01:59]} 67. Rc2
{[%clk 0:00:42]} Re6+ {[%clk 0:01:41]} 68. Kf3 {[%clk 0:01:11]} Bf6
{[%clk 0:01:25]} 69. f5 {[%clk 0:01:32]} Re8 {[%clk 0:01:42]} 70. Bf4+
{[%clk 0:01:59]} Ke7 {[%clk 0:01:52]} 71. Rc7+ {[%clk 0:01:16]} Kf8
{[%clk 0:02:21]} 72. Rb7 {[%clk 0:01:35]} Kg8 {[%clk 0:02:44]} 73. Bd6
{[%clk 0:01:30]} Rd8 {[%clk 0:02:54]} 74. Bb8 {[%clk 0:01:42]} Re8
{[%clk 0:02:50]} 75. Kg4 {[%clk 0:02:02]} Re7 {[%clk 0:03:04]} 76. Rb6
{[%clk 0:02:19]} Kf7 {[%clk 0:02:55]} 77. Bd6 {[%clk 0:02:34]} Re4+
{[%clk 0:02:51]} 78. Kf3 {[%clk 0:02:58]} Rd4 {[%clk 0:03:07]} 79. Rb7+
{[%clk 0:01:53]} Ke8 {[%clk 0:03:34]} 80. Bf4 {[%clk 0:01:27]} Rd5
{[%clk 0:03:45]} 81. Ke4 1/2-1/2

[Event "European Individual Chess Championship 2017"]
[Site "?"]
[Date "2017.06.07"]
[Round "8.21"]
[White "Paichadze, Luka"]
[Black "Kuzubov, Yuriy"]
[Result "1/2-1/2"]
[BlackElo "2637"]
[WhiteElo "2568"]
[LiveChessVersion "1.4.8"]

1. e4 {[%clk 1:30:56]} c5 {[%clk 1:30:51]} 2. Nf3 {[%clk 1:30:46]} d6
{[%clk 1:31:13]} 3. d4 {[%clk 1:31:11]} cxd4 {[%clk 1:31:37]} 4. Qxd4
{[%clk 1:31:39]} Nf6 {[%clk 1:31:51]} 5. Bb5+ {[%clk 1:27:56]} Bd7
{[%clk 1:31:12]} 6. c4 {[%clk 1:28:18]} g6 {[%clk 1:29:22]} 7. Nc3
{[%clk 1:18:53]} Bg7 {[%clk 1:29:31]} 8. h3 {[%clk 1:17:38]} O-O {[%clk 1:29:07]}
9. Qd3 {[%clk 1:16:43]} a6 {[%clk 1:19:21]} 10. Bxd7 {[%clk 1:17:00]} Nfxd7
{[%clk 1:19:46]} 11. O-O {[%clk 1:02:18]} Nc6 {[%clk 1:05:41]} 12. Bd2
{[%clk 1:02:03]} Rc8 {[%clk 1:04:17]} 13. Qe2 {[%clk 0:56:31]} Nde5
{[%clk 1:00:16]} 14. b3 {[%clk 0:52:25]} Nxf3+ {[%clk 0:42:00]} 15. Qxf3
{[%clk 0:52:40]} f5 {[%clk 0:42:24]} 16. exf5 {[%clk 0:51:20]} Rxf5
{[%clk 0:42:48]} 17. Qe4 {[%clk 0:48:39]} Qd7 {[%clk 0:33:53]} 18. Rae1
{[%clk 0:46:07]} Re8 {[%clk 0:26:31]} 19. Nd5 {[%clk 0:40:23]} e6
{[%clk 0:26:16]} 20. Ne3 {[%clk 0:34:43]} Rff8 {[%clk 0:23:39]} 21. Rd1
{[%clk 0:31:07]} b5 {[%clk 0:19:45]} 22. Bc1 {[%clk 0:30:10]} Qc7
{[%clk 0:14:54]} 23. Rd2 {[%clk 0:27:56]} bxc4 {[%clk 0:13:31]} 24. bxc4
{[%clk 0:28:08]} Bc3 {[%clk 0:06:08]} 25. Rd3 {[%clk 0:27:06]} Bb4
{[%clk 0:04:30]} 26. Ng4 {[%clk 0:25:36]} Bc5 {[%clk 0:01:35]} 27. Bg5
{[%clk 0:22:52]} Ne5 {[%clk 0:01:46]} 28. Nxe5 {[%clk 0:17:41]} dxe5
{[%clk 0:02:13]} 29. Be3 {[%clk 0:17:34]} Bxe3 {[%clk 0:01:53]} 30. fxe3
{[%clk 0:14:46]} Rxf1+ {[%clk 0:02:15]} 31. Kxf1 {[%clk 0:15:12]} Rc8
{[%clk 0:00:44]} 32. Rc3 {[%clk 0:15:04]} Qa5 {[%clk 0:00:59]} 33. Qc2
{[%clk 0:15:04]} Qc5 {[%clk 0:01:04]} 34. Kg1 {[%clk 0:15:10]} Kg7
{[%clk 0:00:51]} 35. Qe4 {[%clk 0:14:58]} Rc7 {[%clk 0:01:05]} 36. Rb3
{[%clk 0:13:17]} Qxc4 {[%clk 0:00:44]} 37. Qxe5+ {[%clk 0:13:39]} Kh6
{[%clk 0:01:02]} 38. Qf6 {[%clk 0:07:44]} Qe4 {[%clk 0:00:34]} 39. Ra3
{[%clk 0:04:12]} Rc1+ {[%clk 0:00:46]} 40. Kh2 {[%clk 0:34:38]} Qf5
{[%clk 0:31:01]} 41. Qh4+ {[%clk 0:32:30]} Kg7 {[%clk 0:30:26]} 42. Qd4+
{[%clk 0:28:59]} e5 {[%clk 0:24:10]} 43. Qd6 {[%clk 0:26:49]} Kh6
{[%clk 0:18:07]} 44. Ra4 {[%clk 0:21:56]} e4 {[%clk 0:18:20]} 45. Rxa6
{[%clk 0:14:24]} Qf2 {[%clk 0:17:23]} 46. Qf4+ {[%clk 0:14:46]} Qxf4+
{[%clk 0:17:49]} 47. exf4 {[%clk 0:15:13]} e3 {[%clk 0:17:38]} 48. Re6
{[%clk 0:15:21]} Ra1 {[%clk 0:17:23]} 49. Rxe3 {[%clk 0:15:21]} Rxa2
{[%clk 0:17:51]} 50. Re7 {[%clk 0:15:35]} Rb2 {[%clk 0:15:13]} 51. Kg3
{[%clk 0:15:03]} Ra2 {[%clk 0:14:07]} 52. Kf3 {[%clk 0:13:59]} Ra3+
{[%clk 0:13:58]} 53. Kg4 {[%clk 0:14:14]} Ra2 {[%clk 0:14:15]} 54. g3
{[%clk 0:14:27]} Ra5 {[%clk 0:14:02]} 55. h4 {[%clk 0:11:12]} Ra3
{[%clk 0:14:19]} 56. Kh3 {[%clk 0:10:20]} Rb3 {[%clk 0:14:14]} 57. Kg4
{[%clk 0:09:47]} Ra3 {[%clk 0:14:32]} 58. Re5 {[%clk 0:09:22]} Rb3
{[%clk 0:12:47]} 59. h5 {[%clk 0:09:41]} Rb1 {[%clk 0:11:39]} 60. Re6
{[%clk 0:09:56]} Rb5 {[%clk 0:11:53]} 61. hxg6 {[%clk 0:09:42]} hxg6
{[%clk 0:12:18]} 62. Kf3 {[%clk 0:09:21]} Kg7 {[%clk 0:12:12]} 63. g4
{[%clk 0:09:29]} Kf7 {[%clk 0:12:27]} 64. Re3 {[%clk 0:09:29]} Ra5
{[%clk 0:12:37]} 65. Rb3 {[%clk 0:09:24]} Ra7 {[%clk 0:12:49]} 66. Kg3
{[%clk 0:09:39]} Kg7 {[%clk 0:12:32]} 67. Kh4 {[%clk 0:09:36]} Ra5
{[%clk 0:12:49]} 68. Rb7+ {[%clk 0:08:43]} Kf8 {[%clk 0:13:14]} 69. Rd7
{[%clk 0:07:26]} Rb5 {[%clk 0:13:29]} 70. Kg3 {[%clk 0:07:39]} Rb3+
{[%clk 0:13:55]} 71. Kh4 {[%clk 0:07:56]} Rb5 {[%clk 0:14:21]} 72. Rd3
{[%clk 0:07:47]} Kf7 {[%clk 0:14:43]} 73. Kg3 {[%clk 0:07:36]} Ra5
{[%clk 0:14:48]} 74. Rd7+ {[%clk 0:07:29]} Kf8 {[%clk 0:15:08]} 75. Kf3
{[%clk 0:07:44]} Ra4 {[%clk 0:15:30]} 76. g5 {[%clk 0:06:54]} Rb4
{[%clk 0:15:51]} 77. Ke3 {[%clk 0:07:16]} Ra4 {[%clk 0:15:57]} 78. Rd4
{[%clk 0:07:41]} Ra1 {[%clk 0:14:36]} 79. Rc4 {[%clk 0:07:55]} Re1+
{[%clk 0:14:19]} 80. Kd4 {[%clk 0:08:21]} Kf7 {[%clk 0:12:36]} 81. Rc7+
{[%clk 0:08:39]} Kf8 {[%clk 0:12:12]} 82. Kd5 {[%clk 0:08:49]} Re2
{[%clk 0:12:13]} 83. Rc6 {[%clk 0:08:33]} Kf7 {[%clk 0:12:27]} 84. Rf6+
{[%clk 0:08:41]} Kg7 {[%clk 0:12:53]} 85. Re6 {[%clk 0:09:01]} Rd2+
{[%clk 0:12:52]} 86. Ke5 {[%clk 0:09:21]} Re2+ {[%clk 0:12:48]} 87. Kd6
{[%clk 0:09:47]} Rd2+ {[%clk 0:13:11]} 88. Ke7 {[%clk 0:09:58]} Rd4
{[%clk 0:13:06]} 89. Rf6 {[%clk 0:10:17]} Re4+ {[%clk 0:13:32]} 90. Kd6
{[%clk 0:10:41]} Ra4 {[%clk 0:13:43]} 91. Kc5 {[%clk 0:10:50]} Re4
{[%clk 0:14:05]} 92. Kd5 {[%clk 0:10:46]} Ra4 {[%clk 0:14:30]} 93. Ke5
{[%clk 0:11:13]} Ra5+ {[%clk 0:14:55]} 94. Ke4 {[%clk 0:11:40]} Ra4+
{[%clk 0:15:21]} 95. Kf3 {[%clk 0:12:06]} Ra3+ {[%clk 0:15:47]} 96. Kg4
{[%clk 0:12:34]} Rb3 {[%clk 0:16:08]} 97. Rd6 {[%clk 0:12:51]} Ra3
{[%clk 0:16:35]} 98. Rd7+ {[%clk 0:12:40]} Kf8 {[%clk 0:16:58]} 99. Rh7
{[%clk 0:12:51]} Rb3 {[%clk 0:17:23]} 100. Rh3 {[%clk 0:13:15]} Rb1
{[%clk 0:17:39]} 101. Rd3 {[%clk 0:13:14]} Rf1 {[%clk 0:17:47]} 102. f5
{[%clk 0:13:14]} Rxf5 {[%clk 0:17:44]} 103. Rf3 {[%clk 0:13:32]} Rxf3
{[%clk 0:17:29]} 104. Kxf3 {[%clk 0:13:57]} Ke7 {[%clk 0:17:56]} 105. Ke3
{[%clk 0:14:05]} Ke6 {[%clk 0:18:18]} 106. Ke4 {[%clk 0:14:26]} Kd6
{[%clk 0:18:42]} 107. Kd4 {[%clk 0:14:52]} Kd5+ 1/2-1/2

[Event "European Individual Chess Championship 2017"]
[Site "?"]
[Date "2017.06.07"]
[Round "8.22"]
[White "Blomqvist, Erik"]
[Black "Romanov, Evgeny"]
[Result "0-1"]
[BlackElo "2636"]
[WhiteElo "2546"]
[LiveChessVersion "1.4.8"]

1. Nf3 {[%clk 1:30:42]} Nf6 {[%clk 1:28:59]} 2. g3 {[%clk 1:31:02]} b6
{[%clk 1:28:33]} 3. Bg2 {[%clk 1:31:18]} Bb7 {[%clk 1:28:58]} 4. c4
{[%clk 1:31:09]} g6 {[%clk 1:24:28]} 5. b3 {[%clk 1:30:24]} Bg7 {[%clk 1:24:43]}
6. Bb2 {[%clk 1:30:44]} O-O {[%clk 1:25:04]} 7. O-O {[%clk 1:30:49]} e6
{[%clk 1:23:38]} 8. Nc3 {[%clk 1:26:41]} d5 {[%clk 1:22:31]} 9. cxd5
{[%clk 1:26:05]} exd5 {[%clk 1:22:41]} 10. d4 {[%clk 1:26:24]} Re8
{[%clk 1:16:01]} 11. Rc1 {[%clk 1:25:55]} Ne4 {[%clk 1:13:48]} 12. Qc2
{[%clk 1:21:12]} Nxc3 {[%clk 0:59:17]} 13. Bxc3 {[%clk 1:21:27]} a5
{[%clk 0:59:11]} 14. Rfd1 {[%clk 1:19:44]} Nd7 {[%clk 0:55:12]} 15. e3
{[%clk 1:12:15]} Rc8 {[%clk 0:55:02]} 16. Ne1 {[%clk 1:07:54]} c6
{[%clk 0:50:38]} 17. Nd3 {[%clk 1:07:21]} Nf6 {[%clk 0:50:51]} 18. Qb1
{[%clk 0:53:02]} Ne4 {[%clk 0:50:01]} 19. Be1 {[%clk 0:46:53]} Ba6
{[%clk 0:46:25]} 20. a4 {[%clk 0:40:24]} h5 {[%clk 0:41:51]} 21. b4
{[%clk 0:30:15]} axb4 {[%clk 0:41:02]} 22. Qxb4 {[%clk 0:26:39]} Nd6
{[%clk 0:31:44]} 23. a5 {[%clk 0:22:46]} Bxd3 {[%clk 0:31:37]} 24. Rxd3
{[%clk 0:21:40]} b5 {[%clk 0:31:56]} 25. Ra3 {[%clk 0:15:23]} Nc4
{[%clk 0:32:04]} 26. Ra2 {[%clk 0:15:49]} Bf8 {[%clk 0:31:41]} 27. Qb3
{[%clk 0:16:14]} Ra8 {[%clk 0:31:14]} 28. a6 {[%clk 0:16:06]} Ra7
{[%clk 0:20:13]} 29. Bf1 {[%clk 0:13:00]} Qd6 {[%clk 0:18:34]} 30. Rca1
{[%clk 0:10:44]} f5 {[%clk 0:18:31]} 31. Qc2 {[%clk 0:06:20]} Rea8
{[%clk 0:16:17]} 32. Bc3 {[%clk 0:03:52]} Qe6 {[%clk 0:13:52]} 33. Bd3
{[%clk 0:00:40]} Kf7 {[%clk 0:12:16]} 34. Kg2 {[%clk 0:00:38]} Qc8
{[%clk 0:11:58]} 35. h3 {[%clk 0:00:34]} Kg8 {[%clk 0:03:58]} 36. g4
{[%clk 0:00:37]} fxg4 {[%clk 0:04:11]} 37. Bxg6 {[%clk 0:00:38]} gxh3+
{[%clk 0:04:27]} 38. Kh1 {[%clk 0:00:32]} Qg4 {[%clk 0:03:34]} 0-1

[Event "European Individual Chess Championship 2017"]
[Site "?"]
[Date "2017.06.07"]
[Round "8.23"]
[White "Lupulescu, Constantin"]
[Black "Aleksandrov, Aleksej"]
[Result "0-1"]
[BlackElo "2559"]
[WhiteElo "2631"]
[LiveChessVersion "1.4.8"]

1. d4 {[%clk 1:30:58]} Nf6 {[%clk 1:29:46]} 2. Nf3 {[%clk 1:31:22]} d5
{[%clk 1:30:10]} 3. Bf4 {[%clk 1:31:45]} c5 {[%clk 1:30:22]} 4. e3
{[%clk 1:32:08]} Nc6 {[%clk 1:26:21]} 5. Nbd2 {[%clk 1:32:14]} e6
{[%clk 1:15:35]} 6. c3 {[%clk 1:31:52]} Bd6 {[%clk 1:11:32]} 7. Bg3
{[%clk 1:29:37]} O-O {[%clk 1:11:13]} 8. Bd3 {[%clk 1:29:53]} b6 {[%clk 1:10:24]}
9. e4 {[%clk 1:29:46]} Be7 {[%clk 1:10:50]} 10. e5 {[%clk 1:30:06]} Nh5
{[%clk 1:11:05]} 11. Ng5 {[%clk 1:30:15]} Bxg5 {[%clk 1:06:37]} 12. Qxh5
{[%clk 1:30:25]} g6 {[%clk 1:06:34]} 13. Qe2 {[%clk 1:30:44]} cxd4
{[%clk 1:03:45]} 14. h4 {[%clk 1:30:07]} Be7 {[%clk 0:57:24]} 15. Nf3
{[%clk 1:21:39]} dxc3 {[%clk 0:55:03]} 16. bxc3 {[%clk 1:21:43]} a5
{[%clk 0:42:18]} 17. Rd1 {[%clk 0:48:06]} Ra7 {[%clk 0:34:49]} 18. Bb5
{[%clk 0:40:29]} Bd7 {[%clk 0:17:48]} 19. Kf1 {[%clk 0:33:36]} Bc5
{[%clk 0:17:32]} 20. h5 {[%clk 0:20:45]} g5 {[%clk 0:17:41]} 21. h6
{[%clk 0:18:43]} Kh8 {[%clk 0:18:03]} 22. Nxg5 {[%clk 0:10:00]} Qxg5
{[%clk 0:15:52]} 23. Bxc6 {[%clk 0:10:13]} Bxc6 {[%clk 0:16:20]} 24. Bh4
{[%clk 0:10:32]} Qf5 {[%clk 0:13:27]} 25. Bf6+ {[%clk 0:09:38]} Kg8
{[%clk 0:13:55]} 26. Rh3 {[%clk 0:07:44]} Rfa8 {[%clk 0:07:44]} 27. Rf3
{[%clk 0:06:51]} Qe4 {[%clk 0:08:07]} 28. Qd2 {[%clk 0:05:45]} Kf8
{[%clk 0:07:53]} 29. Re1 {[%clk 0:05:19]} Qg4 {[%clk 0:06:17]} 30. Rf4
{[%clk 0:03:43]} Qh5 {[%clk 0:04:17]} 31. Qd3 {[%clk 0:02:24]} Qxh6
{[%clk 0:03:05]} 32. Rh4 {[%clk 0:02:09]} Qg6 {[%clk 0:03:21]} 33. Qh3
{[%clk 0:02:16]} Ke8 {[%clk 0:03:05]} 34. Rxh7 {[%clk 0:02:26]} Kd7
{[%clk 0:02:56]} 35. Rg7 {[%clk 0:01:54]} Bb5+ {[%clk 0:02:14]} 36. Kg1
{[%clk 0:01:53]} Qf5 {[%clk 0:02:35]} 37. Qxf5 {[%clk 0:01:19]} exf5
{[%clk 0:03:03]} 38. e6+ {[%clk 0:01:39]} Kc6 {[%clk 0:03:06]} 39. e7
{[%clk 0:01:28]} Re8 {[%clk 0:02:24]} 40. Rxf7 {[%clk 0:31:34]} Bc4
{[%clk 0:31:42]} 41. Bg5 {[%clk 0:24:25]} Bxa2 {[%clk 0:31:41]} 42. Rf6+
{[%clk 0:24:49]} Kb5 {[%clk 0:26:40]} 43. Rxf5 {[%clk 0:25:06]} a4
{[%clk 0:26:55]} 0-1